=LDR 00000nam 2200000 4500 =001 INLIS000000000006282 =005 20130612094431 =008 ***********************************Ind** =035 ##$$0010-061300000006282 =041 ##$$a Ind =082 ##$$a 001.5 =090 ##$$a 001.5, Pro k =100 ##$$a Projosaputro, Suwardi =245 ##$$a Komunikasi arti dan penanamannya dalam kepemimpinan, Prodjosaputra, Suwardi =260 ##$$a 1978 $b Denpasar =300 ##$$a 119 hlm., 21 cm =650 ##$$a Komunikasi =850 ##$$a NBPNMAT